Capitales con determinantes - Estadísticas

Estadísticas generales
  • Esta prueba ha sido intentada 10 veces
  • La puntuación promedio es 3 de 6
Estadísticas de respuestas
Capital % Correcto
La Habana
88%
El Cairo
63%
La Paz
63%
La Valeta
63%
Andorra la Vieja
25%
Ciudad del Vaticano
13%
No se encontraron pruebas coincidentes
Distribución de puntuación
Porcentaje de gente con cada puntuación
Porcentaje por número respondido
Historial de tus puntuaciones
No has intentado esta prueba.